Guess the random Taylor Swift Song Lyrics 103 - Statistics

General Stats
  • This quiz has been taken 18 times
  • The average score is 221 of 347
Answer Stats
Answer % Correct
a
100%
I
100%
And
94%
and
94%
me
94%
me)
94%
so
94%
(so
94%
the
94%
The
94%
(the
94%
we
94%
When
94%
you
94%
in
88%
it
88%
this
88%
to
88%
who
88%
but
81%
But
81%
could
81%
ever
81%
for
81%
is
81%
it's
81%
It's
81%
Like
81%
love
81%
never
81%
on
81%
said
81%
are
75%
can
75%
they
75%
been
69%
of
69%
any
63%
here
63%
know
63%
was
63%
our
56%
them
56%
want
56%
before
50%
New
50%
new
50%
(New
50%
(new
50%
real
50%
under
50%
waitin'
50%
Welcome
50%
welcome
50%
York
50%
York)
50%
beat
44%
blind
44%
bright
44%
dance
44%
Everybody
44%
heartbeats
44%
lights
44%
sound
44%
soundtrack
44%
soundtrack)
44%
Took
44%
wouldn't
44%
aglow
38%
anything
38%
apartment
38%
Boys
38%
boys
38%
drawer
38%
else
38%
first
38%
forevermore
38%
girls
38%
more
38%
put
38%
someone
38%
somethin'
38%
village
38%
wanted
38%
change
31%
coats
31%
floors
31%
guessing
31%
hadn't
31%
heard
31%
Kaleidoscope
31%
keeps
31%
Searchin'
31%
through
31%
true
31%
Walkin'
31%
bags
25%
broken
25%
changing
25%
crazy
25%
crowd
25%
drives
25%
hearts
25%
dropped
19%
great
19%
loud
19%
No matching quizzes found
Score Distribution
Percent of People with Each Score
Percentile by Number Answered
Your Score History
You have not taken this quiz